| 000 | 00477nam a22001457a 4500 | ||
|---|---|---|---|
| 999 |
_c16382 _d16382 |
||
| 008 | 170316b xxu||||| |||| 00| 0 eng d | ||
| 040 |
_aKABU _cKABU |
||
| 050 |
_aThe QA280 _b.O95 2016 C.1 |
||
| 100 | _aAbaja, Owili Poti | ||
| 245 |
_aImputation of missing values for billinear time series models _cby Owili Poti Abaja |
||
| 260 | _c2016 | ||
| 300 | _axv, 169 p. | ||
| 650 |
_aTime _xSeries analysis |
||
| 942 |
_2lcc _cTHE _hThe QA280 .O95 2016 C.1 |
||